<?xml version="1.0" encoding="UTF-8"?>
<record
    xmlns:xsi="http://www.w3.org/2001/XMLSchema-instance"
    xsi:schemaLocation="http://www.loc.gov/MARC21/slim http://www.loc.gov/standards/marcxml/schema/MARC21slim.xsd"
    xmlns="http://www.loc.gov/MARC21/slim">

  <leader>01942nam a2200301 i 4500</leader>
  <controlfield tag="003">DO-SdBNP</controlfield>
  <controlfield tag="005">20260209071244.0</controlfield>
  <controlfield tag="007">ta</controlfield>
  <controlfield tag="008">250516b2024    dr ||||| |||| 00| 0 spa d</controlfield>
  <datafield tag="020" ind1=" " ind2=" ">
    <subfield code="a">9789945223699</subfield>
  </datafield>
  <datafield tag="040" ind1=" " ind2=" ">
    <subfield code="a">DO-SdBNP</subfield>
    <subfield code="b">spa</subfield>
    <subfield code="c">BNPHU</subfield>
    <subfield code="e">rda</subfield>
  </datafield>
  <datafield tag="041" ind1=" " ind2=" ">
    <subfield code="a">spa</subfield>
  </datafield>
  <datafield tag="082" ind1=" " ind2="4">
    <subfield code="a">324.7</subfield>
    <subfield code="b">R311t</subfield>
    <subfield code="2">22</subfield>
  </datafield>
  <datafield tag="245" ind1="1" ind2="0">
    <subfield code="a">Recopilaci&#xF3;n de temas pol&#xED;ticos-electorales I. Cursos intensivos sobre sistemas electorales en Am&#xE9;rica Latina (tercer curso) :</subfield>
    <subfield code="b">organizaci&#xF3;n y registro electoral , tercer curso /</subfield>
    <subfield code="c">pr&#xF3;logo, Vanah&#xED; Bello Dotel</subfield>
  </datafield>
  <datafield tag="250" ind1=" " ind2=" ">
    <subfield code="a">Primera edici&#xF3;n</subfield>
  </datafield>
  <datafield tag="264" ind1=" " ind2="1">
    <subfield code="a">Santo Domingo :</subfield>
    <subfield code="b">Fundaci&#xF3;n Friedrich Ebert,</subfield>
    <subfield code="c">2024.</subfield>
  </datafield>
  <datafield tag="300" ind1=" " ind2=" ">
    <subfield code="a">224 p&#xE1;ginas ;</subfield>
    <subfield code="c">22 cm.</subfield>
  </datafield>
  <datafield tag="336" ind1=" " ind2=" ">
    <subfield code="a">texto</subfield>
    <subfield code="b">txt</subfield>
    <subfield code="2">rdacontent</subfield>
  </datafield>
  <datafield tag="337" ind1=" " ind2=" ">
    <subfield code="a">sinmediaci&#xF3;n</subfield>
    <subfield code="b">n</subfield>
    <subfield code="2">rdamedia</subfield>
  </datafield>
  <datafield tag="338" ind1=" " ind2=" ">
    <subfield code="a">volumen</subfield>
    <subfield code="b">nc</subfield>
    <subfield code="2">rdacarrier</subfield>
  </datafield>
  <datafield tag="505" ind1=" " ind2=" ">
    <subfield code="a">Pr&#xF3;logo 15 -- Informe del tercer curso 19 -- Resumen curricular Carlos Alberto Urruty 23 -- Contenido 25 -- Tema 1. El contralor de los actos electorales en el derecho comparado 27 -- Tema 2. El r&#xE9;gimen electoral uruguayo 35 -- Tema 3 El cuerpo electoral 49 -- Tema 4. Los &#xF3;rganos electorales 59 -- Tema 5. El registro c&#xED;vico permanente 69 -- Tema 6. Los archivos electorales 79 -- Tema 7. Los partidos pol&#xED;ticos 91 -- Tema 8. La organizaci&#xF3;n de la elecci&#xF3;n 103 -- Tema 9. El desarrollo de la elecci&#xF3;n 111 -- Tema 10. El escrutinio departamental 119 -- Tema 11. Los recursos contra los actos y procedimientos electorales. Las nulidades electorales 125 -- Tema 12. Garant&#xED;as electorales y elitos electorales 137 -- Tema 13. La adjudicaci&#xF3;n de cargos 147 -- Tea 14. Adjudicaci&#xF3;n de cargos y proclamaci&#xF3;n de candidatos de el sistema uruguayo 161 -- Tema 15. Consideraciones finales 171</subfield>
  </datafield>
  <datafield tag="590" ind1=" " ind2=" ">
    <subfield code="a">Inventariado, 2025/DG</subfield>
  </datafield>
  <datafield tag="650" ind1=" " ind2="4">
    <subfield code="a">Sistemas electorales</subfield>
    <subfield code="z">Am&#xE9;rica Latina</subfield>
    <subfield code="9">87784</subfield>
  </datafield>
  <datafield tag="650" ind1=" " ind2="4">
    <subfield code="a">Elecciones</subfield>
    <subfield code="9">6411</subfield>
  </datafield>
  <datafield tag="700" ind1=" " ind2=" ">
    <subfield code="a">Bello Dotel, Vanah&#xED;,</subfield>
    <subfield code="e">pr&#xF3;loguista</subfield>
    <subfield code="9">87478</subfield>
    <subfield code="4">pr.</subfield>
  </datafield>
  <datafield tag="910" ind1=" " ind2=" ">
    <subfield code="a">DG</subfield>
  </datafield>
  <datafield tag="942" ind1=" " ind2=" ">
    <subfield code="2">ddc</subfield>
    <subfield code="c">LBS1</subfield>
  </datafield>
  <datafield tag="952" ind1=" " ind2=" ">
    <subfield code="0">0</subfield>
    <subfield code="1">0</subfield>
    <subfield code="2">ddc</subfield>
    <subfield code="5">1</subfield>
    <subfield code="7">0</subfield>
    <subfield code="8">PD</subfield>
    <subfield code="a">BNPHU</subfield>
    <subfield code="b">BNPHU</subfield>
    <subfield code="c">CT</subfield>
    <subfield code="d">2025-05-16</subfield>
    <subfield code="e">Dep&#xF3;sito Legal</subfield>
    <subfield code="l">0</subfield>
    <subfield code="o">BNPHU PD 324.7 R311t</subfield>
    <subfield code="p">2025-4330</subfield>
    <subfield code="r">2025-05-16</subfield>
    <subfield code="w">2025-05-16</subfield>
    <subfield code="y">LBS1</subfield>
  </datafield>
  <datafield tag="999" ind1=" " ind2=" ">
    <subfield code="c">59037</subfield>
    <subfield code="d">59037</subfield>
  </datafield>
</record>
